Normal view
MARC view
- Urdu Literatur- Short stories
Entry Topical Term
001 - CONTROL NUMBER
- control field: 105580
003 - CONTROL NUMBER IDENTIFIER
- control field: NUST
005 - DATE AND TIME OF LATEST TRANSACTION
- control field: 20221222083742.0
008 - FIXED-LENGTH DATA ELEMENTS
- fixed length control field: 221222|| aca||aabn | a|a d
040 ## - CATALOGING SOURCE
- Original cataloging agency: NUST
- Transcribing agency: NUST
150 ## - HEADING--TOPICAL TERM
- Topical term or geographic name entry element: Urdu Literatur- Short stories
670 ## - SOURCE DATA FOUND
- Source citation: Work cat.: (NUST): Qudsia, Bano 8994, Kuch Aur Nahi ( کچھ اور نہیں ) /, 2015
